LEADER 01044nam a2200265 i 4500 001 000000151760 003 CaOOAMICUS 005 20060711000000.0 008 060711s1955 it u000 u ita u 013 $a129099 040 $aSeMil$bita 100 1 $aValverde, José M.$0(OLS)http://semarc/name/59598 245 10$aStoria della letteratura spagnola /$cJosé M. Valverde. 260 $a[Torino] :$bEdizioni Radio Italiana,$cstampa 1955. 300 $a340 p. ;$c23 cm. 490 0 $aLetterature e civiltà ;$v2. 500 $aFondo Ciprandi. 650 4$aLetteratura spagnola - Storia.$0(OLS)http://semarc/subject/29627 830 0$aLetterature e civiltà ;$v2.$0(OLS)http://semarc/title/20949 850 $aSeMil 852 $aSeMil$W1$xVenegono$y1$m1W IV 257$j103743$B103743$CSeMilBibl$Z2$F112811 $81 941 1 $a1 961 $aOmaggio: Ciprandi dott. Paolo 996 $6245$aStoria della letteratura spagnola$9(OLS)http://semarc/title/221788 996 $6260$a[Torino] :$bEdizioni Radio Italiana$9(OLS)http://semarc/publisher/34261 LEADER 02004nam a2200289 i 4500 001 000000071350 003 CaOOAMICUS 005 20240215103925.0 008 130620s1767 gw u000 u lat u 026 $aO.O. t?ri ***' REpe (3) 1767 (R) 040 $aSeMil$bita 100 0 $aPorphyrius,$d<233-305 ca.>.$0(OLS)http://semarc/name/11322 245 10$aPorphiriou philosophou Peri apoches empsychon biblia tessara. Porphyrii philosophi De abstinentia ab esu animalium libri quatuor. Cum notis integris Petri Victorii et Ioannis Valentini, et interpretatione latina Ioannis Bernardi Feliciani. Editionem curavit & suas itemque Ioannis Iacobi Reiskii. Notas adiecit Iacobus de Rhoer. Accedunt 4. epistolae de apostasia Porphyrii. 264 1$aTrajecti ad Rhenum :$bApud Abrahamim a Paddenburg, bibliopolam,$c1767$e(Daventriae :$fe typographia Joannis de Lange,$g1767) 300 $a[34], 398, [14] p. ;$c4°. 500 $aFront. stampato in rosso e nero 500 $aTesto greco e latino a fronte, su colonne 500 $aCors. ; gr. rom. 500 $aSegn.: pg2 *-4*4 A-3E4 3F2 700 1 $aVettori, Pietro,$d<1499-1585>.$0(OLS)http://semarc/name/2850 700 1 $aRhoer, Jacob : de.$0(OLS)http://semarc/name/35467 700 1 $aPaddenburg, Abraham : van,$c.$0(OLS)http://semarc/name/35468 850 $aSeMil 852 $aSeMil$W1$xVenegono$y1$m2P IV 37 FA$j37503$B37503$CSeMilBibl$Z2$F37506 $8I 996 $6245$aPorphiriou philosophou Peri apoches empsychon biblia tessara. Porphyrii philosophi De abstinentia ab esu animalium libri quatuor. Cum notis integris Petri Victorii et Ioannis Valentini, et interpretatione latina Ioannis Bernardi Feliciani. Editionem curavit & suas itemque Ioannis Iacobi Reiskii. Notas adiecit Iacobus de Rhoer. Accedunt 4. epistolae de apostasia Porphyrii$9(OLS)http://semarc/title/114742 996 $6264$aTrajecti ad Rhenum :$bApud Abrahamim a Paddenburg, bibliopolam$9(OLS)http://semarc/publisher/42940